[Event "San Francisco Hurt Memorial U1800"]
[Site "San Francisco"]
[Date "2005.12.10"]
[Round "3"]
[White "Sandberg, Evan"]
[Black "Litras, Marika"]
[Result "0-1"]
[WhiteElo "1353"]
[BlackElo "1654"]
[PlyCount "147"]
[EventDate "2005.12.10"]
[EventType "swiss"]
[EventRounds "6"]
[EventCountry "USA"]
[SourceTitle "EXT 2007"]
[Source "ChessBase"]
[SourceDate "2006.11.23"]
[SourceVersion "1"]
[SourceVersionDate "2006.11.23"]
[SourceQuality "1"]

1. e4 e5 2. Nf3 Nf6 3. d4 Nxe4 4. dxe5 d5 5. Bd3 Bf5 6. 0-0 Be7 7. Bxe4 Bxe4 8. Nbd2 Bg6 9. c4 0-0 10. cxd5 Qxd5 11. Qb3 Rd8 12. Qxd5 Rxd5 13. Nc4 Bd3 14. Ne3 Rd8 15. Rd1 Nc6 16. b3 Be2 17. Rxd8+ Rxd8 18. Bb2 Bxf3 19. gxf3 Rd2 20. Nc4 Rd7 21. Kg2 Bc5 22. Re1 b5 23. Ne3 Rd2 24. Nd1 Nb4 25. Bc3 Rxa2 26. Bxb4 Bxb4 27. Re4 a5 28. Ne3 Bc5 29. e6 fxe6 30. Rxe6 Kf7 31. Re5 Bxe3 32. Rxe3 Ra3 33. Rc3 c6 34. Rxc6 Rxb3 35. Kf1 Rxf3 36. Ke2 Rf6 37. Rc5 Rb6 38. Kd3 a4 39. Rc2 Ke6 40. Ra2 Kd5 41. Kc3 Kc5 42. Kd3 Kb4 43. Rb2+ Ka3 44. Rb1 b4 45. Kc4 b3 46. Ra1+ Kb2 47. Rxa4 Kc2 48. Kc5 Rb8 49. Rc4+ Kb1 50. Kd4 b2 51. Kd3 Ka2 52. Rc2 Ka1 53. Rxb2 Rxb2 54. Ke3 Kb1 55. h4 Rb4 56. f4 Kc2 57. Kf3 Kc3 58. Kg3 Kd3 59. f5 Ke4 60. Kg4 Ke5+ 61. Kg5 Rf4 62. h5 Rxf5+ 63. Kg4 h6 64. Kh4 Kf4 65. Kh3 Rxh5+ 66. Kg2 g5 67. Kg1 g4 68. Kg2 Rg5 69. Kh2 h5 70. Kg2 h4 71. Kh2 Kf3 72. Kg1 g3 73. Kf1 h3 74. Kg1 0-1

[Event "San Francisco Capps Memorial"]
[Site "San Francisco"]
[Date "2005.11.06"]
[Round "5"]
[White "Litras, Marika"]
[Black "Saguid, Vincent"]
[Result "1-0"]
[WhiteElo "1654"]
[BlackElo "1486"]
[PlyCount "77"]
[EventDate "2005.11.05"]
[EventType "swiss"]
[EventRounds "6"]
[EventCountry "USA"]
[SourceTitle "EXT 2007"]
[Source "ChessBase"]
[SourceDate "2006.11.23"]
[SourceVersion "1"]
[SourceVersionDate "2006.11.23"]
[SourceQuality "1"]

1. e4 e6 2. d4 d5 3. Nc3 Bb4 4. exd5 Qxd5 5. Nf3 Nc6 6. Bd2 Qd8 7. Bd3 Nxd4 8. 0-0 Nf6 9. Nxd4 Qxd4 10. Nb5 Qb6 11. Bxb4 a6 12. Nxc7+ Qxc7 13. Re1 Bd7 14. Qe2 0-0-0 15. Rad1 Bc6 16. Bc3 Nd7 17. Qe3 h5 18. Qg5 f6 19. Qe3 e5 20. Bf5 Kb8 21. Bb4 Ka8 22. Rd2 Nb8 23. Red1 Rxd2 24. Qxd2 Qb6 25. Qd6 a5 26. Bc3 h4 27. Rd5 Ka7 28. Rxa5+ Na6 29. Bd3 Qd8 30. Rxa6+ bxa6 31. Qxc6 Qb6 32. Qd7+ Qb7 33. Qf5 Rd8 34. h3 Qf7 35. Bxe5 Rd5 36. Bd4+ Rxd4 37. Qc5+ Kb8 38. Qxd4 Qxa2 39. Qb6+ 1-0